=LDR 00000nam 2200000 4500 =001 INLIS000000000023702 =005 20221011103114 =035 ##$$a 0010-061300000023702 =008 221011################g##########0#ind## =041 ##$$a Ind =082 ##$$a 310 =090 ##$$a 310, Iri s =100 ##$$a Irianto, Agus =245 1#$$a Statistik : $b Konsep dasar dan aplikasinya /$c Prof. Dr. H. Agus Irianto =260 ##$$a Jakarta :$b Prenada Media,$c 2004 =300 ##$$a x, 295 hlm. : $b ilus. ; $c 23 x 15 cm. =650 #4$$a Statistik =850 ##$$a NBPNMAT =020 ##$$a 979-3465-45-x =084 ##$$a 310 IRI s =250 ##$$a cet. 2 =500 ##$$a Biografi hlm. 295 =504 ##$$a Bibliografi ; hlm 292